สงครามยูเครน : สงครามร้อนแรกในสงครามเย็นใหม่ = (ระเบียนเลขที่ 106689)
| 000 -LEADER | |
|---|---|
| fixed length control field | 05709 a2200325 4500 |
| 003 - CONTROL NUMBER IDENTIFIER | |
| control field | NALT |
| 005 - DATE AND TIME OF LATEST TRANSACTION | |
| control field | 20260212105356.0 |
| 008 - FIXED-LENGTH DATA ELEMENTS--GENERAL INFORMATION | |
| fixed length control field | 250609b th ||||| |||| 00| 0 tha d |
| 020 ## - INTERNATIONAL STANDARD BOOK NUMBER | |
| International Standard Book Number | 9786164263208 |
| 040 ## - CATALOGING SOURCE | |
| Original cataloging agency | NALT |
| 050 ## - LIBRARY OF CONGRESS CALL NUMBER | |
| Classification number | DK 508.852 |
| Item number | ส848ส 2566 |
| 100 0# - MAIN ENTRY--PERSONAL NAME | |
| Personal name | สุรชาติ บำรุงสุข |
| 9 (RLIN) | 32018 |
| 245 10 - TITLE STATEMENT | |
| Title | สงครามยูเครน : สงครามร้อนแรกในสงครามเย็นใหม่ = |
| Remainder of title | Ukraine War: The First Hot War in the New Cold War / |
| Statement of responsibility, etc. | สุรชาติ บำรุงสุข. |
| 246 31 - VARYING FORM OF TITLE | |
| Title proper/short title | Ukraine war : |
| Remainder of title | the first hot war in the new cold war. |
| 250 ## - EDITION STATEMENT | |
| Edition statement | พิมพ์ครั้งที่ 1. |
| 260 ## - PUBLICATION, DISTRIBUTION, ETC. | |
| Place of publication, distribution, etc. | พิษณุโลก : |
| Name of publisher, distributor, etc. | สำนักพิมพ์มหาวิทยาลัยนเรศวร, |
| Date of publication, distribution, etc. | 2566. |
| 300 ## - PHYSICAL DESCRIPTION | |
| Extent | 543 หน้า ; |
| Dimensions | 21 ซม. |
| 505 2# - FORMATTED CONTENTS NOTE | |
| Formatted contents note | ลำดับเหตุการณ์สำคัญ -- 1. ประวัติศาสตร์ความสัมพันธ์รัสเซีย-ยูเครนอย่างสังเขป -- 2. พัฒนาการการเมืองและสงครามร่วมสมัยในยูเครนอย่างสังเขป -- บทนำ -- The Thirty Years’ Crisis! จากสงครามเย็นเก่า สู่สงครามเย็นใหม่ -- กรอบความคิด -- 1. The Inevitability of War! กับดักธูซิดิดิสและสงครามของรัฐมหาอำนาจใหญ่ -- 2. New Rule or No Rule! การแข่งขันของรัฐมหาอำนาจใหญ่ยุุคปัจจุุบัน -- ตอนที่ 1 ปฐมบทแห่งสงคราม -- 01 สงครามเย็นใหม่ -- 02 หายนะทางภูมิรัฐศาสตร์ -- 03 ประวัติศาสตร์แห่งความร้าวฉาน -- 04 ยููเครนที่รัสเซียไม่รู้จัก! -- 05 The Putin Doctrine -- 06 จากซูเดเทินลันด์ และเบอร์ลิน สู่ยูเครน -- ตอนที่ 2 บริบทสงคราม -- 07 The Putin War -- 08 กำลังรบ vs กำลังใจ -- 09 หายนะนิวเคลียร์! -- 10 ยูเครนดิสรัปชัน -- 11 ความเป็นกลางของยูเครน -- 12 No-Fly Zone -- 13 ความล้มเหลวทางยุทธศาสตร์ของรัสเซีย -- 14 สุสานรัสเซียและทุ่งสังหารนายพล -- 15 สงครามในบ้านรัสเซีย -- 16 รบติดพัน-รบต่อเนื่อง -- 17 The General Winter -- 18 แจ็คผู้ฆ่ายักษ์ -- 19 Counteroffensive! -- 20 ยกระดับสงคราม -- 21 This is Not a Bluff! -- 22 หนึ่งปีแห่งสงคราม -- 23 อำนาจทางทหารของรัสเซีย -- ตอนที่ 3 มิติสงคราม --<br/>24 สงครามนิวเคลียร์ -- 25 การโจมตีทางอากาศแบบไม่จำแนก -- 26 ยุทธการชิงเมือง - สงครามทำลายเมือง -- 27 สงครามรถถัง -- 28 สงครามเคลื่อนที่ vs สงครามสนามเพลาะ -- 29 ขออาวุธ ไม่ขอหนี! -- 30 ยูเครนยิง 1 วัน อเมริกาผลิต 1 เดือน -- ตอนที 4 แนวโน้มสงคราม -- 31 สงครามที่รัสเซียไม่ชนะ -- 32 สงครามและสันติภาพ -- 33 สงครามรบต่อ สันติภาพยังต้องรอ -- 34 สงครามและระเบียบใหม่ -- 35 สงครามก่อนฤดูใบไม้ผลิ -- 36 หลักนิยมเกราซีมอฟและสงครามไฮบริด -- ตอนที่ 5 สงครามและความมั่นคงในอนาคต -- 37 การปรับเปลี่ยนของสงคราม -- 38 ข้อคิดคำนึงเรื่องการสงคราม -- 39 คิวบารำลึก! -- 40 Permacrisis. |
| 650 #4 - SUBJECT ADDED ENTRY--TOPICAL TERM | |
| Topical term or geographic name entry element | การเมืองกับสงคราม |
| Geographic subdivision | ยูเครน |
| 9 (RLIN) | 66006 |
| 650 #4 - SUBJECT ADDED ENTRY--TOPICAL TERM | |
| Topical term or geographic name entry element | การเมืองกับสงคราม |
| Geographic subdivision | รัสเซีย |
| 9 (RLIN) | 66007 |
| 650 #4 - SUBJECT ADDED ENTRY--TOPICAL TERM | |
| Topical term or geographic name entry element | ความขัดแย้งในยูเครน, ค.ศ. 2014- |
| 9 (RLIN) | 61832 |
| 651 #4 - SUBJECT ADDED ENTRY--GEOGRAPHIC NAME | |
| Geographic name | ยูเครน |
| General subdivision | ประวัติศาสตร์ |
| Chronological subdivision | การรุกรานของรัสเซีย, ค.ศ. 2022- |
| 9 (RLIN) | 66005 |
| 651 #4 - SUBJECT ADDED ENTRY--GEOGRAPHIC NAME | |
| Geographic name | ยูเครน |
| General subdivision | ความสัมพันธ์กับต่างประเทศ |
| Geographic subdivision | รัสเซีย |
| 9 (RLIN) | 61831 |
| 651 #4 - SUBJECT ADDED ENTRY--GEOGRAPHIC NAME | |
| Geographic name | รัสเซีย |
| General subdivision | ความสัมพันธ์กับต่างประเทศ |
| Geographic subdivision | ยูเครน |
| 9 (RLIN) | 61830 |
| 653 #4 - INDEX TERM--UNCONTROLLED | |
| Uncontrolled term | สงครามยูเครน-รัสเซีย, ค.ศ. 2014- |
| 942 ## - ADDED ENTRY ELEMENTS (KOHA) | |
| Koha item type | General Book |
| Source of classification or shelving scheme | Library of Congress Classification |
| 996 ## - STAFF PROCESSING RECORDS (NALT) | |
| Staff name | varee.k |
| Staff type | LIBSTF |
| Acquisition or Cataloging date | 2025-06-09 |
| 996 ## - STAFF PROCESSING RECORDS (NALT) | |
| Staff name | saiphon.d |
| Staff type | CATSTF |
| Acquisition or Cataloging date | 2025-06-10 |
| 998 ## - STAFF NAME (NALT) | |
| -- | 111 |
| -- | นางสาวพจพิณ พรมเอี่ยม |
| Withdrawn status | Lost status | Source of classification or shelving scheme | Damaged status | Not for loan | Collection code | Home library | Current library | Shelving location | Date acquired | Source of acquisition | Total Checkouts | Total Renewals | Full call number | Barcode | Date last seen | Date last checked out | Price effective from | Koha item type |
|---|---|---|---|---|---|---|---|---|---|---|---|---|---|---|---|---|---|---|
| Library of Congress Classification | General Book collection | National Assembly Library of Thailand | National Assembly Library of Thailand | General Book shelves | 05/06/2025 | 192 | 3 | 2 | DK 508.852 ส848ส 2566 | 3961215217 | 25/02/2026 | 12/02/2026 | 05/06/2025 | General Book |
